Pilosan Species - Statistics

General Stats
  • This quiz has been taken 76 times
  • The average score is 5 of 10
Answer Stats
Suborder Family Genus Species Common name % Correct
Myrmecophagidae Myrmecophaga Tridactyla Giant anteater
100%
Vermilingua Cyclopedidae Cyclopes Didactylus Silky anteater
77%
Tetradactyla Southern tamandua
66%
Tamandua Mexicana Northern tamandua
63%
Folivora Bradypodidae Bradypus Pygmaeus Pygmy three-toed sloth
63%
Hoffmanni Hoffmann's two-toed sloth
51%
Torquatus Maned three-toed sloth
40%
Choloepodidae Choloepus Didactylus Linnaeus's two-toed sloth
34%
Variegatus Brown-throated three-toed sloth
31%
Tridactylus Pale-throated three-toed sloth
23%
No matching quizzes found
Score Distribution
Percent of People with Each Score
Percentile by Number Answered
Your Score History
You have not taken this quiz